Normal view
MARC view
- تاريخ- اوروبا - العصر الحديث- تاريخ
Entry Topical Term
001 - CONTROL NUMBER
- control field: 60959
003 - CONTROL NUMBER IDENTIFIER
- control field: JO-AjAnu
005 - DATE AND TIME OF LATEST TRANSACTION
- control field: 20230606083949.0
008 - FIXED-LENGTH DATA ELEMENTS
- fixed length control field: 230606|| aca||aabn | a|a d
040 ## - CATALOGING SOURCE
- Original cataloging agency: JO-AjAnu
- Transcribing agency: JO-AjAnu
150 ## - HEADING--TOPICAL TERM
- Topical term or geographic name entry element: تاريخ- اوروبا - العصر الحديث- تاريخ
670 ## - SOURCE DATA FOUND
- Source citation: Work cat.: (JO-AjAnu)31093: تأليف: المهداوي، علي هادي عباس, author 60958, تاريخ اوروبا الحديث(1789-1870): دراسة تاريخية في مفهوم القومية وتأثير العامل القومي في العلاقات الدولية